| 000 | 01053cam a2200301 a 4500 | ||
|---|---|---|---|
| 001 | 16812764 | ||
| 005 | 20170105102915.0 | ||
| 008 | 110607s2012 enka b 001 0 eng | ||
| 010 | _a 2011023681 | ||
| 020 | _a9780415780247 (hbk : alk. paper) | ||
| 020 | _a9780415780254 (pbk : alk. paper) | ||
| 040 |
_aDLC _cDLC _dDLC |
||
| 043 |
_af------ _aa------ |
||
| 050 | 0 | 0 |
_aBP42 _b.A58 2012 |
| 082 | 0 | 0 |
_a306.6/97 _223 |
| 245 | 0 | 4 |
_aThe anthropology of Islam reader / _cedited by Jens Kreinath. |
| 260 |
_aLondon ; _aNew York : _bRoutledge, _c2012. |
||
| 300 |
_axii, 420 p. : _bill. ; _c26 cm. |
||
| 504 | _aIncludes bibliographical references and index. | ||
| 650 | 0 |
_aIslam _xStudy and teaching. |
|
| 650 | 0 |
_aAnthropology of religion _zIslamic countries. |
|
| 650 | 0 | _aIslamic sociology. | |
| 650 | 0 |
_aAnthropology _xMethodology. |
|
| 700 | 1 |
_aKreinath, Jens, _d1967- |
|
| 906 |
_a7 _bcbc _corignew _d1 _eecip _f20 _gy-gencatlg |
||
| 942 |
_2ddc _cBK |
||
| 999 |
_c15304 _d15304 |
||